Biblioteca y Centro de Documentación

Vista normal Vista MARC

Entrada Nombre personal

Número de registros utilizados en: 1

001 - NÚMERO DE CONTROL

  • Campo de control: 15128

003 - IDENTIFICADOR DE NÚMERO DE CONTROL

  • Campo de control: ES-MaCES

005 - FECHA Y HORA DE LA ULTIMA MODIFICACION

  • Campo de control: 20050816133900.0

008 - ELEMENTOS DE DATOS DE LONGITUD FIJA

  • Campo de longitud fija: 050816 | azznnaabn |n aaa d

035 ## - NÚMERO DE CONTROL DEL SISTEMA

  • Número de control del sistema: CES20050007298n

040 ## - FUENTE DE LA CATALOGACIÓN

  • Agencia original de catalogación: ES-MaCES
  • Idioma de catalogación: spa
  • Agencia de transcripción: ES-MaCES

100 1# - ENCABEZAMIENTO--NOMBRE DE PERSONA

  • Nombre personal: Igartua, Juan José

901 ## - CES. DATOS SIRTEX

  • ID Sirtex (N5N8): 0001500015813
  • 005BIS Sirtex: 200508161339TVICENTE
© CES, Consejo Económico y Social de España 2021